00589 2200217 4500001002100000005001500021035002000036007000300056008004100059020002200100082001100122084001700133100001800150245007800168250001000246260003800256300003400294650002100328990001100349990001100360INLIS00000000000125720180115121939 a0010-0118000075ta180115 g 0 ind  a978-979-1709-26-2 a500.03 a500.03 RIB t0 aRibut Wahyudi1 aTop 10 Unik Tapi Nyata :bEnsiklopedia fakta paling aneh dan unik sedunia aCet.1 aYogyakarta :bNewDiglossia,c2014 a172hlm :bilus ;c18,5 x 25,5 aIlmu Pengetahuan a5607 a a5607 b